El texto instrumental /
Guardado en:
| Autor Principal: | |
|---|---|
| Otros Autores: | |
| Formato: | Libro |
| Publicado: |
Buenos Aires :
Kapelusz
|
| Series: | Biblioteca del Polimodal
|
| Materias: | |
| Etiquetas: |
Agregar Etiqueta
Sin Etiquetas, Sea el primero en etiquetar este registro!
|
| LEADER | 00679nam a22002295a 4500 | ||
|---|---|---|---|
| 001 | CEM.cems011241 | ||
| 005 | 20071029173714.0 | ||
| 008 | 130507b######################000#0#####d | ||
| 003 | CEMS | ||
| 020 | |a 9501324362 | ||
| 082 | 0 | 4 | |a 371.36 |
| 100 | 1 | |a Piantanida, Graciela | |
| 245 | 1 | 0 | |a El texto instrumental / |c Graciela Piantanida, Mónica C. de Rojo |
| 260 | |a Buenos Aires : |b Kapelusz | ||
| 300 | |a 94 p. | ||
| 490 | 0 | |a Biblioteca del Polimodal | |
| 653 | |a Educación | ||
| 653 | |a Eestudio dirigido | ||
| 653 | |a Información-acceso a la | ||
| 653 | |a Monografía-elaboración | ||
| 700 | 1 | |a Rojo, Mónica C. de | |
| 859 | |a CEMS |b BIB. CEMS - 11 de abril |h 371.36 |i P574 |p 22133.03 |t Ej.1 | ||
